Piloti Formula 1 per lettera - Statistics

Statistiche generali
  • Questo quiz è stato fatto 275 volte
  • Il punteggio medio è 12 su 21
Statistiche sulle risposte
Lettera Stagioni Campionati Vittorie Risposta % Corretto
H 19 (2007-2025) 7 105 Hamilton
90%
V 16 (2007-2022) 4 53 Vettel
81%
A 6 (1950-1955) 2 13 Ascari
77%
S 11 (1984-1994) 3 41 Senna
76%
F 8 (1950-1951 -1953-1958) 5 24 Fangio
70%
N 7 (2019-2025) 0 5 Norris
70%
R 19 (2001-2009 - 2012-2021) 1 21 Raikkonen
70%
O 9 (2016-2018 - 2020-2025) 0 1 Ocon
66%
B 19 (1993-2011) 0 11 Barrichello
64%
P 14 (2011-2024) 0 6 Perez
58%
M 1 (2021) 0 0 Mazepin
55%
L 3 (2020-2022) 0 0 Latifi
54%
Z 3 (2022-2024) 0 0 Zhou
54%
D 2 (2024-2025) 0 0 Doohan
53%
C 15 (1994-2008) 0 13 Coulthard
45%
W 12 (2002-2013) 0 9 Webber
44%
I 10 (1993-2002) 0 4 Irvine
42%
G 10 (2009 -2012-2020) 0 0 Grosjean
40%
T 15 (1997-2011) 0 1 Trulli
37%
K 7 (2007-2013) 0 1 Kovalainen
34%
J 11 (1975-1983 -1985-1986) 1 12 Jones
30%
Nessun quiz corrispondente trovato
Distribuzione punteggi
Percentuale di utenti per punteggio
Percentile per numero di risposta
I tuoi punteggi nel tempo
Non hai fatto questo quiz